000 00372nam a22001337a 4500
008 250704b |||||||| |||| 00| 0 eng d
020 _a8174092102
050 _aHD7262
_b.J35
100 _aJAIN R K.
245 _aIndustrial Safety, Health and Environmental Management Systems.
260 _aDelhi India
_bRomesh Chander Khanna
_c2011
300 _aiii, 1151p.
942 _cBK
999 _c4135
_d4135